| 000 | 00537nam a2200169Ia 4500 | ||
|---|---|---|---|
| 999 |
_c17254 _d17254 |
||
| 082 | _aRC.0111 | ||
| 100 | _aChauhan, Brij Raj and others | ||
| 245 | 0 | _aMuslims in Meerut : Re-visited | |
| 260 |
_c2001 _bIndian Council of Social Science Research, New Delhi |
||
| 300 | _a43p. | ||
| 504 | _aBibliography at the end. | ||
| 650 | _aMUSLIMS - MEERUT REGION | ||
| 650 | _aGADDIS, THE - INDIA | ||
| 650 | _aCOMMUNITY DEVELOPMENT - MEERUT REGION - KHIRWA JALALPUR | ||
| 710 | _aInstitute of Social Development, Udaipur | ||
| 942 |
_cRP _2ddc |
||